| 000 | 00978nam a2200241Ia 4500 | ||
|---|---|---|---|
| 003 | GCL | ||
| 008 | 140319s9999 xx 000 0 ara d | ||
| 040 |
_aGCL / _cGCL |
||
| 082 | 0 | 4 |
_a920.71 _bب ف |
| 100 | 1 | _aالبخارى : ابوعبدالله محمد بن اسماعيل بن ابراهيم بن المغيرة بن بردزيه | |
| 245 | 1 | 0 |
_aالتاريخ الكبير : _bاو تاريخ الاسلام وطبقات المشاهير والاعلام / _cالبخارى : ابوعبدالله محمد بن اسماعيل بن ابراهيم بن المغيرة بن بردزيه |
| 700 | 1 | _aمحمد عبدالله شعيرة | |
| 260 |
_aالقاهرة : _bدار الكتب المصرية ، _c1973 |
||
| 300 |
_a319 ص ؛ _c30 سم |
||
| 490 | _a | ||
| 650 | 0 | 4 | _aالعلماء |
| 650 | 0 | 4 | _aالتراجم |
| 650 | 0 | 4 | _aالادباء |
| 650 | 0 | 4 | _aالسلاطين |
| 650 | 0 | 4 | _aالفقهاء |
| 650 | 0 | 4 | _aالمحدثين |
| 942 |
_2ddc _cBK |
||
| 999 |
_c58842 _d58842 |
||